| 000 | 00359nam a2200145Ia 4500 | ||
|---|---|---|---|
| 005 | 20250405125022.0 | ||
| 008 | 240331s9999 xx 000 0 und d | ||
| 082 |
_bSUL _a894 |
||
| 100 | _aSulfika, | ||
| 245 | 0 | _aVilankidappatta manudam | |
| 260 |
_aMadras _bSouth Asian Books _c1995 |
||
| 300 | _a54 p ., | ||
| 500 | _aIlathu Ilakkiya Kavithaikal | ||
| 942 | _cL | ||
| 999 |
_c4211 _d4211 |
||